Angkor : (Record no. 12330)
[ view plain ]
| 000 -LEADER | |
|---|---|
| fixed length control field | 00561cam a2200193Ia 4500 |
| 020 ## - INTERNATIONAL STANDARD BOOK NUMBER | |
| ISBN | 9622176836 (pbk.) : |
| 040 ## - CATALOGING SOURCE | |
| Transcribing agency | MDK |
| 082 ## - DEWEY DECIMAL CLASSIFICATION NUMBER | |
| Classification number | 959 DIS ODY 2002 Or. |
| 100 1# - MAIN ENTRY--AUTHOR NAME | |
| Personal name | Rooney, Dawn |
| 245 10 - TITLE STATEMENT | |
| Title | Angkor : |
| Remainder of title | an introduction to the temples / |
| 250 ## - EDITION STATEMENT | |
| Edition statement | 4th ed |
| 260 ## - PUBLICATION, DISTRIBUTION, ETC. (IMPRINT) | |
| Place of publication | Hong Kong : |
| Name of publisher | Odyssey ; |
| Place of publication | New York : |
| Name of publisher | Distribution in the U.S.A. by W.W. Norton, |
| Year of publication | c2002 |
| 300 ## - PHYSICAL DESCRIPTION | |
| Number of Pages | 306 p. : |
| Other physical details | ill. (some col.), maps, plans ; |
| Dimensions | 21 cm |
| 650 #0 - SUBJECT ADDED ENTRY--TOPICAL TERM | |
| Topical Term | Buddhist temples |
| 650 #0 - SUBJECT ADDED ENTRY--TOPICAL TERM | |
| Topical Term | Temples |
| 650 #0 - SUBJECT ADDED ENTRY--TOPICAL TERM | |
| Topical Term | Antiquities |
| 700 1# - ADDED ENTRY--PERSONAL NAME | |
| Personal name | Danford, Peter |
| 942 ## - ADDED ENTRY ELEMENTS (KOHA) | |
| Koha item type | សៀវភៅភាសាអង់គ្លេស |
No items available.